[Event "Muensterland Verbandsklasse-A 0203"]
[Site "Muensterland"]
[Date "2002.12.14"]
[Round "4.2"]
[White "Hilckmann, Klaus"]
[Black "Kaufhold, Thomas"]
[Result "1-0"]
[WhiteElo "2039"]
[BlackElo "2001"]
[PlyCount "107"]
[EventDate "2002.09.28"]
[EventType "team"]
[EventRounds "9"]
[EventCountry "GER"]
[SourceTitle "EXT 2004"]
[Source "ChessBase"]
[SourceDate "2003.11.25"]
[SourceVersion "1"]
[SourceVersionDate "2003.11.25"]
[SourceQuality "1"]
[WhiteTeam "Ibbenbueren"]
[BlackTeam "Muenster SK III"]
[WhiteTeamCountry "GER"]
[BlackTeamCountry "GER"]

1. e4 Nf6 2. e5 Nd5 3. c4 Nb6 4. c5 Nd5 5. Nc3 e6 6. Bc4 Nxc3 7. bxc3 Bxc5 8. d4 Be7 9. Qg4 Kf8 10. Ne2 d5 11. Bd3 h5 12. Qf3 c5 13. Nf4 Kg8 14. Nxh5 g6 15. Nf4 b6 16. g3 Ba6 17. Bxa6 Nxa6 18. Qd3 c4 19. Qf3 b5 20. a3 Nc7 21. h4 Ne8 22. h5 Ng7 23. hxg6 Rxh1+ 24. Qxh1 fxg6 25. Nxg6 Kf7 26. Qh6 Qg8 27. g4 Ke8 28. Nxe7 Kxe7 29. Bg5+ Kd7 30. Rb1 a6 31. a4 Rb8 32. axb5 axb5 33. Qf6 Ne8 34. Qe7+ Kc6 35. f4 Qg6 36. f5 exf5 37. Qc5+ Kd7 38. Qxd5+ Kc7 39. Qc5+ Kd7 40. Qe7+ Kc6 41. Rd1 Kd5 42. gxf5 Qxf5 43. Qc5+ Ke6 44. d5+ Kf7 45. Qf2 Kg6 46. Qxf5+ Kxf5 47. Bh4 Rb7 48. Bg3 Rd7 49. Ke2 Rg7 50. Kf3 Nc7 51. Rd4 Na6 52. e6 b4 53. Rf4+ Ke5 54. Rg4+ 1-0

[Event "Muensterland Verbandsklasse-A 0203"]
[Site "Muensterland"]
[Date "2002.11.09"]
[Round "2.2"]
[White "Hilckmann, Klaus"]
[Black "Storck, Martin"]
[Result "1/2-1/2"]
[WhiteElo "2039"]
[BlackElo "2018"]
[PlyCount "23"]
[EventDate "2002.09.28"]
[EventType "team"]
[EventRounds "9"]
[EventCountry "GER"]
[SourceTitle "EXT 2004"]
[Source "ChessBase"]
[SourceDate "2003.11.25"]
[SourceVersion "1"]
[SourceVersionDate "2003.11.25"]
[SourceQuality "1"]
[WhiteTeam "Ibbenbueren"]
[BlackTeam "Gronau"]
[WhiteTeamCountry "GER"]
[BlackTeamCountry "GER"]

1. e4 e5 2. Nc3 Nf6 3. Nf3 Nc6 4. Bb5 Bc5 5. 0-0 d6 6. h3 Bd7 7. d3 h6 8. Na4 Bb6 9. Nxb6 axb6 10. Be3 Qe7 11. a4 0-0 12. c4 1/2-1/2

[Event "Muensterland Verbandsklasse-A 0203"]
[Site "Muensterland"]
[Date "2002.09.28"]
[Round "1.2"]
[White "Hilckmann, Klaus"]
[Black "Heine, Rolf"]
[Result "1-0"]
[WhiteElo "2039"]
[BlackElo "2024"]
[PlyCount "89"]
[EventDate "2002.09.28"]
[EventType "team"]
[EventRounds "9"]
[EventCountry "GER"]
[SourceTitle "EXT 2004"]
[Source "ChessBase"]
[SourceDate "2003.11.25"]
[SourceVersion "1"]
[SourceVersionDate "2003.11.25"]
[SourceQuality "1"]
[WhiteTeam "Ibbenbueren"]
[BlackTeam "Sendenhorst"]
[WhiteTeamCountry "GER"]
[BlackTeamCountry "GER"]

1. e4 c5 2. Nc3 Nc6 3. g3 g6 4. Bg2 Bg7 5. d3 e5 6. Be3 d6 7. Qd2 Nge7 8. Bh6 Bxh6 9. Qxh6 Nd4 10. Qd2 b5 11. Nd1 b4 12. c3 bxc3 13. bxc3 Ndc6 14. f4 Rb8 15. Nf3 Bg4 16. 0-0 0-0 17. Ne3 Bxf3 18. Bxf3 f6 19. f5 g5 20. h4 h6 21. Ng4 Kg7 22. Rf2 Rh8 23. hxg5 hxg5 24. Rh2 Qb6 25. Rxh8 Rxh8 26. Kg2 Rb8 27. Rc1 Qb2 28. Rc2 Qa1 29. Ne3 Na5 30. Nd1 Rb1 31. g4 Nac6 32. Kh2 Rb8 33. Kg3 a5 34. Rb2 Rxb2 35. Qxb2 Qxb2 36. Nxb2 Kf8 37. Nc4 Nc8 38. Bd1 Ke7 39. Ba4 N8a7 40. Kf3 Kd8 41. Nxd6 Ke7 42. Nb7 c4 43. dxc4 Kf8 44. Ke3 Ke7 45. Kd3 1-0